000
00310nam a2200145Ia 4500
999
_c
14082
_d
14082
003
OSt
005
20260316132031.0
008
260210s9999 xx 000 0 und d
020
_a
9783741914003
082
_a
635.9/7749
100
_a
Schleifer
245
0
_a
Bamboo
260
_b
Konemann
942
_c
BDES
_2
ddc